| 000 | 00967nam0a22002291 4500 | ||
|---|---|---|---|
| 001 | v19\rc\1303046 | ||
| 005 | 20260407144013.0 | ||
| 035 | _a(NLR Aleph) 004461232 | ||
| 090 |
_a4519212 _c4519212 |
||
| 100 | _a20060512d1896 |||y0rusy50 ca | ||
| 101 | 0 | _arus | |
| 102 | _aRU | ||
| 105 | _ay z ||||| | ||
| 200 | 1 |
_aТариф на перевозку грузов в товарных поездах большой и малой скорости в местном сообщении Закаспийской военной железной дороги _eВводится в действие с 1 мая 1896 г., впредь до отмены |
|
| 210 |
_aСанкт-Петербург _d1896 |
||
| 215 | _a48, 109 с. | ||
| 710 | 0 | 2 |
_aСредне-азиатская железная дорога _cдо 1917 г. _9532519 _3RU\NLR\AUTH\8810017337 |
| 801 | 0 |
_aRU _bNLR _gpsbo |
|
| 801 | 1 |
_aRU _bProSoft-M _2rusmarc |
|
| 852 |
_aNLR _j38.67.1.41 |
||
| 942 | _cBOOK | ||
| 980 | _aNB | ||